Ч. 2; История государства и права СССР

Dades bibliogràfiques
Parent link:История государства и права СССР: в 2 ч./ под ред. О. И. Чистякова, Ю. С. Кукушкина. Ч. 2.— , 1985
Idioma:rus
Publicat: 1986
Matèries:
Format: MixedMaterials Llibre
KOHA link:https://koha.lib.tpu.ru/cgi-bin/koha/opac-detail.pl?biblionumber=272968

MARC

LEADER 00000nam2a2200000 4500
001 272968
005 20231031225854.0
035 |a (RuTPU)RU\TPU\book\296177 
090 |a 272968 
100 |a 20141022d1986 m y0rusy50 ca 
101 0 |a rus 
102 |a RU 
105 |a y j 000zy 
200 0 |a Ч. 2 
210 |d 1986 
215 |a 320 с. 
461 1 |0 (RuTPU)RU\TPU\book\301837  |t История государства и права СССР  |o в 2 ч.  |o учебник для вузов  |f под ред. О. И. Чистякова, Ю. С. Кукушкина  |v Ч. 2  |d 1985 
606 1 |a Государство и право СССР  |x История  |2 stltpush  |3 (RuTPU)RU\TPU\subj\8397 
610 1 |a право 
610 1 |a государство 
610 1 |a СССР 
610 1 |a Советское государство 
610 1 |a Гражданская война 1918-1921 
610 1 |a советское право 
610 1 |a конституции 
610 1 |a Великая Отечественная война 1941-1945 
610 1 |a государственный аппарат 
610 1 |a союзные республики 
610 1 |a правовой статус 
610 1 |a учебники 
686 |a Х2(2)  |v LBC/SL-A  |2 rubbk 
801 1 |a RU  |b 63413507  |c 20141022 
801 2 |a RU  |b 63413507  |c 20160301  |g RCR 
942 |c BK